00658nam a22001575i 4500001000700000003000900007005001700016008004100033040003000074100003500104245005700139260007300196300002100269650001300290852019700303167645ES-MaACL20230906213552.0011026s1860 sp af |||| | spa d aCCPB | B bspa cCCPB | B1 aVinader y Domenech, Francisco.10aHijiene [sic] fundamental / cpor Francisco Vinader. aPalma de Mallorca : b[s.n.], c1860 (fimp. de la v. de Villalonga) a95 p. ; c23 cm. 4aHigiene. aES-MaACLjT-356-F-17 z-- Enc. hol. z-- Sello de Los Escolares Médicos, Madrid z-- Dedic. ms. de Gustavo Saenz Diez a la biblioteca de Los Escolares Médicos z-- Enc. en un vol. facticio